[Event "European Blitz Championship 2021"]
[Site "Katowice"]
[Date "2021.12.17"]
[Round "11.7"]
[White "Tazbir, Marcin"]
[Black "Gumularz, Szymon"]
[Result "1-0"]
[WhiteElo "2508"]
[BlackElo "2533"]
[Annotator "ChessBase"]
[PlyCount "67"]
[EventDate "2021.12.17"]
[EventType "swiss"]
[EventCountry "POL"]
[SourceTitle "playchess.com"]
[Source "ChessBase"]
[SourceQuality "1"]

1. c4 c5 2. g3 Nf6 3. Bg2 Nc6 4. Nc3 e6 5. e4 Be7 6. Nge2 O-O 7. O-O Qc7 8. b3
b6 9. f4 Bb7 10. d3 a6 11. h3 d6 12. g4 Rfe8 13. Ng3 Nd4 14. Nce2 Nxe2+ 15.
Qxe2 b5 16. g5 Nd7 17. h4 bxc4 18. bxc4 Bf8 19. Bb2 d5 20. cxd5 exd5 21. Rac1
Rab8 22. h5 Bc6 23. g6 hxg6 24. hxg6 fxg6 25. e5 d4 26. Bxd4 Bxg2 27. Qxg2 Qb7
28. Ne4 cxd4 29. Qxg6 Ba3 30. Rb1 Qc7 31. Rxb8 Rxb8 32. Qe6+ Kf8 33. Ng5 Nc5
34. Nh7# 1-0

[Event "European Blitz Championship 2021"]
[Site "Katowice"]
[Date "2021.12.17"]
[Round "11.7"]
[White "Karpus, Michal"]
[Black "Kozak, Antoni"]
[Result "0-1"]
[WhiteElo "2129"]
[BlackElo "2272"]
[Annotator "NA"]
[PlyCount "42"]
[EventDate "2021.12.17"]
[EventType "swiss"]
[EventCountry "POL"]
[SourceTitle "playchess.com"]
[Source "ChessBase"]
[SourceQuality "1"]

1. e4 c6 2. d4 d5 3. Nc3 a6 4. h3 b5 5. a3 dxe4 6. Nxe4 Nf6 7. Nxf6+ exf6 8.
Nf3 Bd6 9. Bd3 O-O 10. O-O Be6 11. b3 a5 12. Bb2 a4 13. Re1 Nd7 14. c4 axb3 15.
d5 cxd5 16. cxd5 Bxd5 17. Bxh7+ Kxh7 18. Qxd5 Nc5 19. Rad1 Ra6 20. Nh4 Na4 21.
Bd4 Bh2+ 0-1

[Event "European Blitz Championship 2021"]
[Site "Katowice"]
[Date "2021.12.17"]
[Round "11.8"]
[White "Donchenko, Alexander"]
[Black "Papasimakopoulos, Alexandros"]
[Result "1/2-1/2"]
[WhiteElo "2645"]
[BlackElo "2394"]
[Annotator "ChessBase"]
[PlyCount "114"]
[EventDate "2021.12.17"]
[EventType "swiss"]
[EventCountry "POL"]
[SourceTitle "playchess.com"]
[Source "ChessBase"]
[SourceQuality "1"]

1. d4 f5 2. g3 Nf6 3. Bg2 g6 4. Nf3 Bg7 5. O-O O-O 6. c4 d6 7. Nc3 e6 8. Qc2
Nc6 9. e4 e5 10. dxe5 dxe5 11. Bg5 h6 12. Rad1 Nd4 13. Nxd4 exd4 14. Bxf6 Qxf6
15. Nd5 Qf7 16. exf5 Bxf5 17. Be4 Bxe4 18. Qxe4 Rae8 19. Qc2 g5 20. Nb4 Qf3 21.
Rde1 a5 22. Nd3 h5 23. Rxe8 Rxe8 24. Qd1 Qxd1 25. Rxd1 Re2 26. Kf1 Rc2 27. c5
Bf8 28. Ke1 Bxc5 29. Nxc5 Rxc5 30. Rxd4 Kf7 31. h4 g4 32. Kd2 Ke6 33. Re4+ Kd5
34. Re7 b5 35. Kd3 Kd6 36. Rg7 Rf5 37. Ke3 a4 38. Rg6+ Kd5 39. Rg5 Re5+ 40. Kf4
Rxg5 41. hxg5 Ke6 42. Ke4 c5 43. g6 b4 44. Kd3 Kf6 45. Kc4 a3 46. bxa3 bxa3 47.
Kb3 Kxg6 48. Kxa3 Kf5 49. Kb3 Ke4 50. Kc4 Kf3 51. a4 Kxf2 52. a5 h4 53. gxh4 g3
54. a6 g2 55. a7 g1=Q 56. a8=Q Qg4+ 57. Kxc5 Qxh4 1/2-1/2

[Event "European Blitz Championship 2021"]
[Site "Katowice"]
[Date "2021.12.17"]
[Round "11.8"]
[White "Chojnacki, Slawomir"]
[Black "Wieczorek, Oskar"]
[Result "1/2-1/2"]
[WhiteElo "2120"]
[BlackElo "2258"]
[Annotator "NA"]
[PlyCount "105"]
[EventDate "2021.12.17"]
[EventType "swiss"]
[EventCountry "POL"]
[SourceTitle "playchess.com"]
[Source "ChessBase"]
[SourceQuality "1"]

1. c3 Nf6 2. Nf3 c5 3. d4 e6 4. Bg5 b6 5. g3 Bb7 6. Bg2 Be7 7. O-O O-O 8. e3 d5
9. Ne5 Nbd7 10. f4 h6 11. Bxf6 Nxf6 12. Nd2 Rc8 13. h3 Ne4 14. Nxe4 dxe4 15.
dxc5 Bxc5 16. Kf2 Qc7 17. Qd7 Rfd8 18. Qxc7 Rxc7 19. Rfd1 Rcc8 20. Bf1 f6 21.
Nc4 Kf7 22. Be2 Bd5 23. Nd2 g5 24. Nb3 gxf4 25. gxf4 Bf8 26. c4 Bb7 27. Rxd8
Rxd8 28. Rd1 Rxd1 29. Bxd1 f5 30. Nd4 Kf6 31. Ba4 Bc5 32. Nc6 a5 33. a3 Bd6 34.
Nd4 e5 35. fxe5+ Bxe5 36. b4 axb4 37. axb4 Bxd4 38. exd4 f4 39. d5 Ke5 40. Bc6
e3+ 41. Kf3 Bc8 42. c5 bxc5 43. bxc5 Bf5 44. d6 Kd4 45. d7 Bxd7 46. Bxd7 Kxc5
47. Bg4 Kd6 48. Kxf4 h5 49. Bxh5 Ke7 50. Kg5 Kf8 51. Kh6 e2 52. Bxe2 Kg8 53. h4
1/2-1/2

[Event "European Blitz Championship 2021"]
[Site "Katowice"]
[Date "2021.12.17"]
[Round "11.9"]
[White "Blohberger, Felix"]
[Black "Zakrzewski, Marek"]
[Result "1/2-1/2"]
[WhiteElo "2490"]
[BlackElo "2279"]
[Annotator "ChessBase"]
[PlyCount "60"]
[EventDate "2021.12.17"]
[EventType "swiss"]
[EventCountry "POL"]
[SourceTitle "playchess.com"]
[Source "ChessBase"]
[SourceQuality "1"]

1. d4 d5 2. Nf3 Nf6 3. Bf4 c5 4. e3 Nc6 5. Nbd2 Qb6 6. dxc5 Qxb2 7. Rb1 Qa3 8.
Bb5 g6 9. O-O Bg7 10. Ne5 Qxc5 11. c4 dxc4 12. Qa4 O-O 13. Nxc6 bxc6 14. Bxc6
Bf5 15. Bxa8 Bxb1 16. Rxb1 Rxa8 17. Qxc4 Qd5 18. Qc2 Rd8 19. Nf3 h6 20. h3 Ne4
21. Qb3 Qxb3 22. axb3 Nd2 23. Nxd2 Rxd2 24. Rc1 e5 25. Rc8+ Kh7 26. Bg3 Rd7 27.
Re8 Rb7 28. Bxe5 Rxb3 29. Bxg7 Kxg7 30. Re5 Ra3 1/2-1/2

[Event "European Blitz Championship 2021"]
[Site "Katowice"]
[Date "2021.12.17"]
[Round "11.9"]
[White "Cukrowski, Filip"]
[Black "Kowalczyk, Rafal"]
[Result "0-1"]
[WhiteElo "2101"]
[BlackElo "2252"]
[Annotator "NA"]
[PlyCount "66"]
[EventDate "2021.12.17"]
[EventType "swiss"]
[EventCountry "POL"]
[SourceTitle "playchess.com"]
[Source "ChessBase"]
[SourceQuality "1"]

1. d4 Nf6 2. c4 e6 3. g3 d5 4. Bg2 Be7 5. Nf3 O-O 6. Qc2 dxc4 7. Qxc4 a6 8. Qc2
Nc6 9. O-O Bd7 10. Nc3 Rc8 11. Bf4 Nb4 12. Qd2 c5 13. dxc5 Bxc5 14. Ne5 Bc6 15.
Nxc6 Nxc6 16. Rfd1 h6 17. Bd6 Bxd6 18. Qxd6 Qb6 19. Na4 Qb5 20. b3 Qxe2 21. Rd2
Qh5 22. Qc5 e5 23. h3 Rfd8 24. Rxd8+ Rxd8 25. Qb6 Rd1+ 26. Rxd1 Qxd1+ 27. Kh2
Nd4 28. Nc3 Qd2 29. Qc7 Qxf2 30. Kh1 Nh5 31. Qc8+ Kh7 32. Be4+ g6 33. Qg4 Nxg3+
0-1

[Event "European Blitz Championship 2021"]
[Site "Katowice"]
[Date "2021.12.17"]
[Round "11.10"]
[White "Kosakowski, Jakub"]
[Black "Sadzikowski, Daniel"]
[Result "1/2-1/2"]
[WhiteElo "2340"]
[BlackElo "2525"]
[Annotator "ChessBase"]
[PlyCount "131"]
[EventDate "2021.12.17"]
[EventType "swiss"]
[EventCountry "POL"]
[SourceTitle "playchess.com"]
[Source "ChessBase"]
[SourceQuality "1"]

1. e4 c6 2. d4 d5 3. Nc3 dxe4 4. Nxe4 Bf5 5. Ng3 Bg6 6. Nh3 Nf6 7. Nf4 Nbd7 8.
Bc4 e6 9. h4 Nb6 10. Bb3 Bd6 11. h5 Bf5 12. Nxf5 exf5 13. O-O Qc7 14. Re1+ Ne4
15. f3 Bxf4 16. fxe4 O-O-O 17. exf5 Bxc1 18. Rxc1 Qf4 19. c3 g6 20. Bxf7 gxf5
21. Qf3 Qxf3 22. gxf3 Rdf8 23. Re7 Kb8 24. Bb3 Nc8 25. Rg7 Re8 26. Kf2 Nd6 27.
Re1 Rxe1 28. Kxe1 a5 29. Kf2 f4 30. h6 Re8 31. Bc2 Re6 32. Rxh7 Nc4 33. Bb3 b5
34. Bxc4 bxc4 35. a4 Rg6 36. Rh8+ Kb7 37. Kf1 Ka7 38. h7 Rh6 39. Rc8 Rxh7 40.
Rxc6 Rh2 41. Rxc4 Rxb2 42. d5 Rd2 43. Rd4 Rc2 44. Rxf4 Rxc3 45. Ke2 Kb6 46. Rd4
Kc7 47. d6+ Kd7 48. Kf2 Rc8 49. f4 Rc3 50. Rd5 Rc4 51. Rxa5 Rxf4+ 52. Ke3 Rb4
53. Ra6 Rh4 54. Kd3 Kc8 55. Ra7 Kd8 56. Kc3 Rg4 57. Kb3 Rh4 58. Rc7 Rh6 59. Kb4
Rxd6 60. Rc1 Rd7 61. a5 Rc7 62. Rh1 Kc8 63. Kb5 Kb7 64. Rh6 Ka7 65. a6 Rg7 66.
Rh5 1/2-1/2

[Event "European Blitz Championship 2021"]
[Site "Katowice"]
[Date "2021.12.17"]
[Round "11.10"]
[White "Kastelik, Adrian"]
[Black "Koziorowicz, Michal"]
[Result "1-0"]
[WhiteElo "2248"]
[BlackElo "2094"]
[Annotator "NA"]
[PlyCount "59"]
[EventDate "2021.12.17"]
[EventType "swiss"]
[EventCountry "POL"]
[SourceTitle "playchess.com"]
[Source "ChessBase"]
[SourceQuality "1"]

1. d4 f5 2. Qd3 d5 3. Bf4 Nf6 4. e3 e6 5. Nf3 Be7 6. Be2 O-O 7. O-O c5 8. dxc5
Bxc5 9. c4 Nc6 10. Nc3 d4 11. exd4 Nxd4 12. Nxd4 Qxd4 13. Qxd4 Bxd4 14. Nb5 Bb6
15. Bf3 Nd7 16. Rfe1 a6 17. Nd6 e5 18. Bxe5 Nxe5 19. Rxe5 Bc7 20. c5 Bd7 21.
Bxb7 Rab8 22. Bd5+ Kh8 23. Re7 Bxd6 24. cxd6 Rfd8 25. Bb3 a5 26. Rae1 h6 27. h4
a4 28. Be6 Bxe6 29. R1xe6 Rxb2 30. Re8+ 1-0

[Event "European Blitz Championship 2021"]
[Site "Katowice"]
[Date "2021.12.17"]
[Round "11.11"]
[White "Keinanen, Toivo"]
[Black "Stefansson, Hannes"]
[Result "1-0"]
[WhiteElo "2358"]
[BlackElo "2519"]
[Annotator "ChessBase"]
[PlyCount "125"]
[EventDate "2021.12.17"]
[EventType "swiss"]
[EventCountry "POL"]
[SourceTitle "playchess.com"]
[Source "ChessBase"]
[SourceQuality "1"]

1. d4 Nf6 2. Nf3 b6 3. e3 Bb7 4. Bd3 c5 5. O-O g6 6. c4 Bg7 7. Nc3 cxd4 8. exd4
d5 9. Ne5 O-O 10. Bg5 Nbd7 11. Re1 dxc4 12. Bxc4 e6 13. Nxf7 Rxf7 14. Bxe6 Qf8
15. Qb3 h6 16. Bh4 g5 17. Bg3 Re8 18. Nb5 Rxe6 19. Qxe6 Bd5 20. Qd6 Ba8 21.
Nxa7 Ne4 22. Qxf8+ Nxf8 23. Nb5 Bc6 24. Rac1 Bxb5 25. Rxe4 Bd3 26. Re3 Bf5 27.
Be5 Ne6 28. d5 Nf4 29. Bxg7 Kxg7 30. d6 Kf6 31. Rc6 Bd7 32. Rxb6 Rf8 33. h3 Rc8
34. Rb7 Rc1+ 35. Kh2 Be6 36. a4 Rd1 37. Rb6 Nd5 38. Rf3+ Ke5 39. Ra6 Rb1 40. d7
Bxd7 41. Rxh6 Rxb2 42. Rh5 Ke6 43. Rxg5 Bxa4 44. Rg6+ Ke7 45. h4 Rb4 46. Rh6
Be8 47. Rf5 Rd4 48. Re5+ Kd7 49. h5 Nf4 50. f3 Rd2 51. Rh7+ Kd6 52. Rxe8 Rxg2+
53. Kh1 Rf2 54. Rf7 Nxh5 55. Kg1 Ra2 56. Rf5 Ng3 57. Rg5 Ne2+ 58. Kf1 Nf4 59.
Rg4 Ra1+ 60. Kf2 Nd3+ 61. Kg2 Ra2+ 62. Kg3 Ra1 63. Rd8+ 1-0

[Event "European Blitz Championship 2021"]
[Site "Katowice"]
[Date "2021.12.17"]
[Round "11.11"]
[White "Malczyk, Radoslaw"]
[Black "Przybylski, Wojciech"]
[Result "0-1"]
[WhiteElo "2045"]
[BlackElo "2247"]
[Annotator "NA"]
[PlyCount "100"]
[EventDate "2021.12.17"]
[EventType "swiss"]
[EventCountry "POL"]
[SourceTitle "playchess.com"]
[Source "ChessBase"]
[SourceQuality "1"]

1. d4 d5 2. c4 c6 3. Nc3 Nf6 4. e3 e6 5. Nf3 Nbd7 6. Be2 Bd6 7. b3 O-O 8. O-O
b6 9. Bb2 Bb7 10. Bd3 c5 11. cxd5 exd5 12. Rc1 Rc8 13. Re1 Bb8 14. Ne2 Ne4 15.
Ng3 Ndf6 16. dxc5 bxc5 17. Be5 Bxe5 18. Nxe5 Qe7 19. Nf3 Rfd8 20. Qc2 Ng4 21.
Bxe4 dxe4 22. Nd2 Ne5 23. Red1 Nd3 24. Rb1 Nb4 25. Qb2 g6 26. Nc4 Nd3 27. Qc3
h5 28. h3 Rd7 29. Rd2 Rcd8 30. Rbd1 h4 31. Ne2 Qg5 32. Nc1 Qf5 33. Na5 Ba8 34.
Nxd3 exd3 35. f3 Qg5 36. e4 Qe3+ 37. Kf1 f5 38. Re1 Qf4 39. Qxc5 fxe4 40. Qc4+
Kh7 41. Rxe4 Bxe4 42. Rd1 d2 43. Qxe4 Qxe4 44. fxe4 Rd4 45. e5 Rf4+ 46. Ke2
Re4+ 47. Kf2 Rxe5 48. Nc4 Red5 49. Ke2 Re8+ 50. Kf2 Rf5+ 0-1

[Event "European Blitz Championship 2021"]
[Site "Katowice"]
[Date "2021.12.17"]
[Round "11.12"]
[White "Gretarsson, Helgi Ass"]
[Black "Ortega Ruiz, Jose Miguel"]
[Result "1/2-1/2"]
[WhiteElo "2476"]
[BlackElo "2317"]
[Annotator "ChessBase"]
[PlyCount "150"]
[EventDate "2021.12.17"]
[EventType "swiss"]
[EventCountry "POL"]
[SourceTitle "playchess.com"]
[Source "ChessBase"]
[SourceQuality "1"]

1. c4 e5 2. Nc3 Nf6 3. Nf3 Nc6 4. e3 Be7 5. d4 exd4 6. exd4 d5 7. cxd5 Nxd5 8.
Bc4 Be6 9. Bb3 O-O 10. O-O Qd7 11. Re1 Rad8 12. h3 Rfe8 13. Bd2 Bf8 14. Ne4 h6
15. Rc1 Bf5 16. Nc5 Bxc5 17. dxc5 Nf6 18. Bc3 Qxd1 19. Rexd1 Ne4 20. Be1 Rxd1
21. Bxd1 Ne5 22. Nxe5 Rxe5 23. b4 Rd5 24. Bb3 Rd8 25. f3 Nf6 26. c6 b6 27. Bg3
Rc8 28. Bc4 Ne8 29. Rd1 Kf8 30. Ba6 Rb8 31. Bh4 g5 32. Bf2 Ke7 33. h4 Be6 34.
a3 Rd8 35. Rxd8 Kxd8 36. hxg5 hxg5 37. Bd4 f6 38. Kf2 Ke7 39. g4 Nd6 40. Be2
Bd5 41. b5 Bc4 42. a4 Bb3 43. a5 Bc4 44. axb6 axb6 45. Bc3 Bxb5 46. Bd1 Bxc6
47. Ke3 Bd5 48. Kd4 Be6 49. Be1 c5+ 50. Kc3 b5 51. Bf2 b4+ 52. Kd3 c4+ 53. Kd4
c3 54. Be1 Kd7 55. Kc5 f5 56. Kxb4 fxg4 57. fxg4 Ne4 58. Bc2 Nf6 59. Bxc3 Nxg4
60. Bd2 Ne5 61. Bxg5 Bd5 62. Kc5 Ke6 63. Bd2 Nd7+ 64. Kd4 Ne5 65. Bd1 Nc6+ 66.
Kc5 Ne7 67. Bg4+ Ke5 68. Bc3+ Kf4 69. Bd7 Bf3 70. Kd6 Nf5+ 71. Ke6 Be4 72. Kf6
Nh4 73. Bd2+ Kf3 74. Kg5 Nf5 75. Bxf5 Bxf5 1/2-1/2

[Event "European Blitz Championship 2021"]
[Site "Katowice"]
[Date "2021.12.17"]
[Round "11.12"]
[White "Budrewicz, Krzysztof"]
[Black "Karolczuk, Iwo"]
[Result "1/2-1/2"]
[WhiteElo "2183"]
[BlackElo "2093"]
[Annotator "NA"]
[PlyCount "153"]
[EventDate "2021.12.17"]
[EventType "swiss"]
[EventCountry "POL"]
[SourceTitle "playchess.com"]
[Source "ChessBase"]
[SourceQuality "1"]

1. d4 Nf6 2. c4 g6 3. Nc3 Bg7 4. e4 O-O 5. Be2 d6 6. Nf3 e5 7. Be3 exd4 8. Nxd4
Re8 9. f3 c6 10. Bf2 d5 11. exd5 cxd5 12. O-O Nc6 13. c5 Nh5 14. g3 Bh3 15. Re1
Qd7 16. Qd2 Rad8 17. a3 Ne5 18. Bb5 Nc6 19. Rxe8+ Rxe8 20. Rd1 Rd8 21. b4 Qc7
22. Be2 Ne5 23. Ndb5 Qd7 24. Nd6 Nc6 25. Nxd5 Rf8 26. Bb5 a6 27. Bxc6 bxc6 28.
Nb6 Qe6 29. Nbc4 Nf6 30. Re1 Qd7 31. Ne5 Qc7 32. Qd3 Nd5 33. Qxa6 Bxe5 34. Rxe5
Be6 35. Qe2 Qa7 36. Rxe6 fxe6 37. Qxe6+ Kg7 38. Bd4+ Nf6 39. Ne4 h6 40. Bxf6+
Kh7 41. Qe7+ Qxe7 42. Bxe7 Ra8 43. b5 cxb5 44. c6 Rc8 45. Bb4 Rxc6 46. Nd6 Rb6
47. Kf2 Kg7 48. Ke3 Kf6 49. Kd4 Ke6 50. Ne4 Rc6 51. Nc5+ Kd6 52. f4 Rc8 53.
Ne4+ Ke6 54. Bc5 Rd8+ 55. Nd6 Rd7 56. g4 Rd8 57. f5+ gxf5 58. gxf5+ Kf6 59. Kd5
Rg8 60. Bd4+ Ke7 61. f6+ Kd7 62. f7 Rg5+ 63. Be5 Ke7 64. h4 Rh5 65. Kd4 Rxh4+
66. Kd5 Ra4 67. Bg7 Ra8 68. f8=Q+ Rxf8 69. Bxf8+ Kxf8 70. Nxb5 Ke7 71. Nd4 Kd7
72. Kc5 Kc7 73. a4 Kb7 74. Nb3 Ka6 75. Kd5 Kb6 76. a5+ Kb5 77. Ke5 1/2-1/2

[Event "European Blitz Championship 2021"]
[Site "Katowice"]
[Date "2021.12.17"]
[Round "11.13"]
[White "Brodowski, Piotr"]
[Black "Andersen, Mads"]
[Result "1/2-1/2"]
[WhiteElo "2335"]
[BlackElo "2575"]
[Annotator "ChessBase"]
[PlyCount "112"]
[EventDate "2021.12.17"]
[EventType "swiss"]
[EventCountry "POL"]
[SourceTitle "playchess.com"]
[Source "ChessBase"]
[SourceQuality "1"]

1. c4 c6 2. Nf3 d5 3. e3 Nf6 4. Qc2 g6 5. b3 Bg7 6. Bb2 O-O 7. d3 a5 8. a3 Bg4
9. Nbd2 Nbd7 10. h3 Bxf3 11. Nxf3 Re8 12. d4 e6 13. Be2 Rc8 14. O-O Ne4 15. b4
h5 16. Qb3 g5 17. Rad1 g4 18. hxg4 hxg4 19. Ne5 Nxe5 20. dxe5 g3 21. Bf3 gxf2+
22. Rxf2 Nxf2 23. Kxf2 axb4 24. Rh1 Qg5 25. Rh5 Qg6 26. axb4 dxc4 27. Qxc4 Red8
28. Bd4 Ra8 29. Rh4 Qb1 30. Be4 Qa2+ 31. Qxa2 Rxa2+ 32. Kf3 Kf8 33. Bc5+ Ke8
34. Bd6 Rxd6 35. exd6 Be5 36. b5 cxb5 37. Bxb7 Bxd6 38. Bc6+ Ke7 39. Bxb5 Ra3
40. Rc4 Be5 41. Ba4 Kf6 42. Bc2 Bb8 43. Rd4 Ba7 44. Rd3 Ra2 45. Bb3 Rb2 46. Bc4
Ke5 47. Rd7 Bc5 48. Rxf7 Rc2 49. Bd3 Rc3 50. Ke2 Ra3 51. Rh7 Ra2+ 52. Kf3 Ra3
53. Rh5+ Kd6 54. Ke2 Ra2+ 55. Kf3 Ra3 56. Ke2 Ra2+ 1/2-1/2

[Event "European Blitz Championship 2021"]
[Site "Katowice"]
[Date "2021.12.17"]
[Round "11.13"]
[White "Walter, Szymon"]
[Black "Czerw, Dawid"]
[Result "0-1"]
[WhiteElo "2277"]
[BlackElo "2075"]
[Annotator "NA"]
[PlyCount "73"]
[EventDate "2021.12.17"]
[EventType "swiss"]
[EventCountry "POL"]
[SourceTitle "playchess.com"]
[Source "ChessBase"]
[SourceQuality "1"]

1. e4 c5 2. Nc3 Nc6 3. f4 g6 4. Nf3 Bg7 5. Bb5 Nd4 6. O-O Nxb5 7. Nxb5 d5 8.
exd5 a6 9. Nc3 Nf6 10. d4 c4 11. Ne5 Nxd5 12. Nxc4 Nxc3 13. bxc3 Qc7 14. Qd3
Bf5 15. Qe2 Be6 16. Ne5 Qxc3 17. Be3 O-O 18. Rfc1 Rac8 19. Qf2 Rfd8 20. a4 Bd5
21. Bd2 Qc7 22. c4 Be6 23. d5 Bf5 24. Bc3 f6 25. Nf3 Qxf4 26. Ba5 Rd7 27. Nd4
Bh6 28. Rc3 Qxf2+ 29. Kxf2 Bd2 30. Nxf5 gxf5 31. Raa3 Bxc3 32. Rxc3 Kf7 33. Ke3
e6 34. dxe6+ Kxe6 35. c5 Re8 36. Kf4 Rd4+ 37. Kf3 0-1

[Event "European Blitz Championship 2021"]
[Site "Katowice"]
[Date "2021.12.17"]
[Round "11.14"]
[White "Kalogeris, Ioannis"]
[Black "Pultinevicius, Paulius"]
[Result "0-1"]
[WhiteElo "2287"]
[BlackElo "2546"]
[Annotator "ChessBase"]
[PlyCount "69"]
[EventDate "2021.12.17"]
[EventType "swiss"]
[EventCountry "POL"]
[SourceTitle "playchess.com"]
[Source "ChessBase"]
[SourceQuality "1"]

1. e4 e5 2. Nf3 Nc6 3. Bb5 Nge7 4. Nc3 a6 5. Ba4 Ng6 6. d3 Bc5 7. Ne2 O-O 8. c3
d5 9. Bg5 Nce7 10. h4 h6 11. Bd2 Bg4 12. h5 Bxf3 13. gxf3 Nh8 14. Rg1 Kh7 15.
d4 exd4 16. cxd4 Bb6 17. e5 g5 18. Bc2+ Kg7 19. f4 Rg8 20. fxg5 Kf8 21. f4 Nc6
22. Be3 hxg5 23. Qd3 Nb4 24. Qa3 Qe7 25. Bh7 Rg7 26. Bf5 gxf4 27. Rxg7 Kxg7 28.
Bxf4 Rg8 29. O-O-O Kf8 30. Bd2 c5 31. Nf4 a5 32. Rf1 Ke8 33. Qa4+ Kd8 34. Bxb4
cxb4 35. Nxd5 0-1

[Event "European Blitz Championship 2021"]
[Site "Katowice"]
[Date "2021.12.17"]
[Round "11.14"]
[White "Grzesik, Gracjan"]
[Black "Janaszak, Dawid"]
[Result "1-0"]
[WhiteElo "2208"]
[BlackElo "2328"]
[Annotator "NA"]
[PlyCount "83"]
[EventDate "2021.12.17"]
[EventType "swiss"]
[EventCountry "POL"]
[SourceTitle "playchess.com"]
[Source "ChessBase"]
[SourceQuality "1"]

1. c4 Nf6 2. Nc3 d5 3. d4 g6 4. cxd5 Nxd5 5. Nf3 Bg7 6. g3 O-O 7. Bg2 c5 8. O-O
cxd4 9. Nxd4 Nxc3 10. bxc3 Nd7 11. Rb1 Rb8 12. Qb3 a6 13. Ba3 Re8 14. Rfd1 Qa5
15. Bb4 Qc7 16. a4 Ne5 17. a5 Bd7 18. h3 h6 19. e3 Nc6 20. Qa3 Ne5 21. Qb3 Rbc8
22. Rbc1 Nc4 23. Qa2 e5 24. Nb3 Be6 25. Nc5 Nxa5 26. Nxe6 Rxe6 27. Qxa5 b6 28.
Qxa6 Kh7 29. Ra1 e4 30. Qa7 Qc4 31. Qxf7 Rc7 32. Qf4 Be5 33. Qxe4 Qe2 34. Qf3
Qc2 35. Rac1 Qb2 36. Rb1 Qc2 37. Qe4 Qe2 38. Qd3 Qa2 39. Ra1 Qb3 40. Rdb1 Qc4
41. Qxc4 Rxc4 42. Bd5 1-0

[Event "European Blitz Championship 2021"]
[Site "Katowice"]
[Date "2021.12.17"]
[Round "11.15"]
[White "Kulon, Klaudia"]
[Black "Mirzoev, Emil"]
[Result "1-0"]
[WhiteElo "2265"]
[BlackElo "2474"]
[Annotator "ChessBase"]
[PlyCount "109"]
[EventDate "2021.12.17"]
[EventType "swiss"]
[EventCountry "POL"]
[SourceTitle "playchess.com"]
[Source "ChessBase"]
[SourceQuality "1"]

1. c4 Nf6 2. g3 g6 3. Bg2 Bg7 4. Nc3 O-O 5. e3 e5 6. Nge2 d6 7. O-O Re8 8. d3
c6 9. h3 d5 10. cxd5 cxd5 11. d4 e4 12. b4 Nbd7 13. Nf4 Nb6 14. Qb3 g5 15. Nfe2
Be6 16. a4 Qd7 17. Kh2 Rac8 18. a5 Nc4 19. Na4 b6 20. axb6 axb6 21. b5 Ra8 22.
Nec3 h5 23. Ra2 h4 24. Ba3 Qc7 25. Ne2 Ra7 26. Rfa1 Rea8 27. Bb4 Ne8 28. Be1
Ned6 29. Kh1 hxg3 30. fxg3 Qd7 31. g4 f5 32. gxf5 Nxf5 33. Bf2 Rf8 34. Rf1 Nfd6
35. Nac3 Rxa2 36. Qxa2 Bxh3 37. Nxd5 Bxg2+ 38. Kxg2 Qg4+ 39. Ng3 Qf3+ 40. Kg1
Qf7 41. Nc3 Kh8 42. Ncxe4 Nxe4 43. Nxe4 Qe6 44. Ng3 Rf3 45. Qa8+ Rf8 46. Qc6
Nd6 47. Qxb6 Rc8 48. e4 Qe7 49. e5 Nc4 50. Qg6 Rb8 51. Nf5 Qd7 52. e6 Qc7 53.
Bg3 Bxd4+ 54. Kh2 Rg8 55. Qxg8+ 1-0

[Event "European Blitz Championship 2021"]
[Site "Katowice"]
[Date "2021.12.17"]
[Round "11.16"]
[White "Balog, Imre"]
[Black "Trzebinski, Patryk"]
[Result "1-0"]
[WhiteElo "2573"]
[BlackElo "1617"]
[Annotator "ChessBase"]
[PlyCount "45"]
[EventDate "2021.12.17"]
[EventType "swiss"]
[EventCountry "POL"]
[SourceTitle "playchess.com"]
[Source "ChessBase"]
[SourceQuality "1"]

1. d4 Nf6 2. c4 e5 3. dxe5 Ne4 4. e3 Nc6 5. Nf3 Bb4+ 6. Bd2 Nxd2 7. Nbxd2 Qe7
8. a3 Bxd2+ 9. Qxd2 Nxe5 10. Qc3 d6 11. c5 Bg4 12. cxd6 cxd6 13. Bb5+ Bd7 14.
Bxd7+ Nxd7 15. Qxg7 O-O-O 16. Qd4 Kb8 17. O-O Rhg8 18. Rfd1 Nc5 19. Qf4 Ka8 20.
Rac1 Ne4 21. Qf5 Ng5 22. Nxg5 Rxg5 23. Rc8+ 1-0

[Event "European Blitz Championship 2021"]
[Site "Katowice"]
[Date "2021.12.17"]
[Round "11.16"]
[White "Plat, Vojtech"]
[Black "Niedbala, Bartlomiej"]
[Result "1/2-1/2"]
[WhiteElo "2548"]
[BlackElo "2179"]
[Annotator "ChessBase"]
[PlyCount "133"]
[EventDate "2021.12.17"]
[EventType "swiss"]
[EventCountry "POL"]
[SourceTitle "playchess.com"]
[Source "ChessBase"]
[SourceQuality "1"]

1. Nf3 g6 2. e4 Bg7 3. d4 d6 4. Bc4 Nf6 5. Qe2 O-O 6. O-O c6 7. e5 dxe5 8. dxe5
Nd5 9. h3 Qc7 10. Re1 a5 11. a4 Na6 12. Bxd5 cxd5 13. Nc3 Nb4 14. Bf4 e6 15.
Rac1 Bd7 16. Qe3 Rfc8 17. Bh6 Qc5 18. Qg5 Bxh6 19. Qxh6 Qf8 20. Qg5 Rc4 21.
Red1 Rac8 22. Nd2 Rxc3 23. bxc3 Na2 24. Ra1 Nxc3 25. Re1 Bxa4 26. Nb3 Bxb3 27.
cxb3 b6 28. Kh1 d4 29. Qd2 Qc5 30. Rac1 Qd5 31. Qd3 Rd8 32. h4 h5 33. Qc2 b5
34. Ra1 a4 35. bxa4 bxa4 36. Qd3 Qc5 37. Kh2 a3 38. f4 a2 39. Rec1 Qd5 40. Rc2
Kg7 41. Rf2 Rb8 42. Rff1 Rb1 43. Rfxb1 axb1=Q 44. Rxb1 Nxb1 45. Qxb1 d3 46. Qd1
d2 47. g3 Qd4 48. Kg2 Qe3 49. Kf1 Kg8 50. Qe2 Qxg3 51. Qxd2 Qxh4 52. Kg2 Qg4+
53. Kh2 h4 54. Qd8+ Kh7 55. Qf6 Qf5 56. Qxh4+ Qh5 57. Kg3 Qxh4+ 58. Kxh4 Kg8
59. Kg4 Kf8 60. Kh4 Ke8 61. Kg4 Kd7 62. Kg5 Ke7 63. Kh6 Kf8 64. Kh7 Ke8 65. Kg8
Ke7 66. Kg7 Ke8 67. Kg8 1/2-1/2

[Event "European Blitz Championship 2021"]
[Site "Katowice"]
[Date "2021.12.17"]
[Round "11.17"]
[White "Kjartansson, Gudmundur"]
[Black "Turski, Bartlomiej"]
[Result "1-0"]
[WhiteElo "2382"]
[BlackElo "2114"]
[Annotator "NA"]
[PlyCount "81"]
[EventDate "2021.12.17"]
[EventType "swiss"]
[EventCountry "POL"]
[SourceTitle "playchess.com"]
[Source "ChessBase"]
[SourceQuality "1"]

1. c4 e5 2. d3 Nf6 3. Nf3 Nc6 4. a3 d5 5. cxd5 Nxd5 6. e3 Be7 7. Be2 O-O 8. O-O
a5 9. b3 Be6 10. Bb2 f6 11. Nbd2 Nb6 12. Nc4 Nd5 13. Rc1 Qd7 14. d4 e4 15. Nfd2
f5 16. Qc2 Rac8 17. Rfe1 b5 18. Ne5 Nxe5 19. dxe5 c5 20. Red1 Qb7 21. a4 Nb4
22. Qb1 bxa4 23. bxa4 Nd3 24. Bxd3 exd3 25. Nc4 Qb4 26. Nd6 Rb8 27. Bc3 Qxa4
28. Qxd3 Rfd8 29. Ra1 Qc6 30. Bxa5 Rd7 31. Nxf5 Bf8 32. Nd6 Rb3 33. Qd2 c4 34.
Bc3 Rb6 35. Qd4 h6 36. h3 Be7 37. Qf4 Bxd6 38. exd6 Rxd6 39. Rxd6 Qxd6 40. Ra8+
Kh7 41. Qe4+ 1-0